[Event "9. Korbacher Open 2017"]
[Site "Korbach"]
[Date "2017.10.20"]
[Round "3"]
[White "Mohammadi, Sholeh"]
[Black "Achermann, Didier"]
[Result "0-1"]
[WhiteElo "1190"]
[BlackElo "1811"]
[Annotator "NA RC"]
[PlyCount "43"]
[EventDate "2017.??.??"]
[EventType "swiss"]
[EventCountry "GER"]
[SourceTitle "playchess.com"]
[Source "ChessBase"]
[SourceQuality "1"]
[TimeControl "40/5400+30:1800+30"]

1. c4 {[%emt 0:00:08]} Nf6 {[%emt 0:00:30]} 2. g3 {[%emt 0:00:40]} g6 {[%emt 0:00:20]} 3. Bg2 {[%emt 0:00:44]} Bg7 {[%emt 0:00:15]} 4. Nf3 {[%emt 0:03:48]} O-O {[%emt 0:00:30]} 5. d4 {[%emt 0:02:31]} d6 {[%emt 0:00:49]} 6. Nc3 {[%emt 0:00:56]} Nbd7 {[%emt 0:01:31]} 7. e4 {[%emt 0:00:38]} a6 {[%emt 0:02:46] E72: King's Indian: 4 e4 d6 5 g3} (7... e5 8. O-O c6 9. h3 Qb6 10. c5 dxc5 11. dxe5 Ne8 12. e6 fxe6 13. Ng5 Ne5 14. f4 Nf7 15. Nxf7 Bd4+ 16. Kh2 Rxf7 17. e5 Nc7 18. Ne4 Nd5 19. h4 Qd8 20. h5 Rg7 21. Ng5 Qe8 22. hxg6 Qxg6 23. Be4 Qe8 24. Bd3 Bd7 25. Kg2 Bxb2 26. Rb1 Bxc1 27. Qxc1 {1-0 (52) Lohmann,H (2527)-Muzyka,N (2479) ICCF email 2008}) 8. Be3 $146 {[%emt 0:04:03]} ({Predecessor:} 8. O-O c5 9. e5 Ne8 10. exd6 Nxd6 11. dxc5 Nxc5 12. Be3 Bxc3 13. bxc3 Qc7 14. Qd4 Ne6 15. Qh4 Nf5 16. Qe4 Nd6 17. Qh4 Nf5 18. Qe4 Nd6 {½-½ (18) Borsos,B (2278)-Szarvas,P (2173) Hungary 2015}) 8... c5 {[%emt 0:03:17]} 9. dxc5 {[%emt 0:06:17]} Nxc5 {[%emt 0:00:41]} 10. Nd4 {[%emt 0:00:26]} (10. Bxc5 $11 dxc5 11. e5) 10... Re8 {[%emt 0:05:23]} 11. O-O {[%emt 0:03:25]} Rb8 {[%emt 0:02:37]} 12. Nde2 {[%emt 0:06:19]} Ncd7 {[%emt 0:11:12]} 13. Rc1 {[%emt 0:03:32]} b5 {[%emt 0:01:48]} 14. cxb5 {[%emt 0:03:03]} axb5 {[%emt 0:00:34]} 15. b4 {[%emt 0:08:47]} (15. Nd4 $16 Bb7 16. Ndxb5) 15... Ne5 {[%emt 0:01:07]} 16. a4 {[%emt 0:04:07]} bxa4 {[%emt 0:01:03]} 17. Qxa4 {[%emt 0:02:23]} Nfd7 {[%emt 0:07:10]} 18. b5 {[%emt 0:00:11]} Nb6 {[%emt 0:02:47]} 19. Bxb6 {[%emt 0:06:51]} Qxb6 {[%emt 0:01:02]} 20. Rcd1 $2 {[%emt 0:08:58]} (20. Nd5 $16 {is forced if you want to stay better.} Qd8 21. Nd4) 20... Nd7 {[%emt 0:01:15]} 21. Rd3 $2 {[%emt 0:00:30]} (21. Nd5 $1 $11 Qd8 22. Nd4) 21... Nc5 $1 {[%emt 0:00:36]} 22. Rd5 $19 (22. Qc4 Nxd3 23. Qxd3) 0-1

[Event "9. Korbacher Open 2017"]
[Site "Korbach"]
[Date "2017.10.21"]
[Round "4"]
[White "Roeberg, Frank"]
[Black "Bluebaum, Johanna"]
[Result "1-0"]
[WhiteElo "2194"]
[BlackElo "1955"]
[Annotator "TA"]
[PlyCount "51"]
[EventDate "2017.??.??"]
[EventType "swiss"]
[EventCountry "GER"]
[SourceTitle "playchess.com"]
[Source "ChessBase"]
[SourceQuality "1"]

{[%evp 9,51,0,0,0,0,0,-4,3,0,-6,-14,-10,16,15,20,20,11,8,33,18,20,28,77,29,33,45,68,77,75,72,87,66,66,36,205,184,158,147,180,176,145,149,171,118]} 1. e4 e6 2. Nf3 d5 3. Nc3 d4 4. Ne2 c5 5. c3 Nf6 6. e5 {C00: French: Unusual White 2nd moves} Nfd7 7. cxd4 cxd4 8. Nexd4 {The position is equal.} Nxe5 $1 9. Bb5+ Nec6 10. Nxc6 bxc6 $146 ({Predecessor:} 10... Nxc6 11. Bxc6+ bxc6 12. Qa4 Qd5 13. O-O Be7 {0-1 (82) Guseinov,G (2505)-Huzman,A (2589) Istanbul 2003}) 11. Be2 Ba6 12. O-O Bxe2 13. Qxe2 Bd6 14. d4 O-O 15. Qe4 Qf6 16. Ne5 Rc8 17. Be3 Qf5 18. Qxf5 exf5 19. Rac1 f6 20. Nc4 $36 {[%mdl 2048] White is more active.} Bc7 21. d5 Bd8 $2 ({Black should try} 21... Rd8 $14) 22. Nd6 $18 {White is clearly better.} Rc7 23. Nxf5 {[#] Threatens to win with Bf4.} cxd5 24. Rxc7 Bxc7 25. Rc1 Na6 26. Rc6 {Precision: White = 71%, Black = 41%.} (26. Ne7+ $18 Kf7 27. Nxd5) 1-0

[Event "9. Korbacher Open 2017"]
[Site "Korbach"]
[Date "2017.10.21"]
[Round "4"]
[White "Koellner, Ruben Gideon"]
[Black "Dudink, Bas"]
[Result "1-0"]
[WhiteElo "2148"]
[BlackElo "1951"]
[Annotator "NA"]
[PlyCount "119"]
[EventDate "2017.??.??"]
[EventType "swiss"]
[EventCountry "GER"]
[SourceTitle "playchess.com"]
[Source "ChessBase"]
[SourceQuality "1"]
[TimeControl "40/5400+30:1800+30"]

{[%evp 8,87,25,-16,28,1,0,0,4,0,-2,-14,0,-11,-2,-8,32767,-27,32767,-24,-32,-27,-18,-43,-8,-27,32767,32767,-42,32767,32767,32767,32767,32767,-35,32767,-44,32767,-40,-46,32767,-45,-47,-52,-40,-75,-64,-73,0,-62,0,-87,-60,-189,-40,-72,-30,-46,-28,32767,-32,32767,-22,-30,-29,-11,-19,-47,-25,-64,32767,32767,0,12,0,0,16,32767,32767,0,20,61]} 1. d4 {[%emt 0:00:00]} d5 {[%emt 0:00:08]} 2. c4 {[%emt 0:00:21]} c6 {[%emt 0:00:08]} 3. cxd5 {[%emt 0:00:06]} cxd5 {[%emt 0:00:07]} 4. Nc3 {[%emt 0:00:04]} Nf6 {[%emt 0:00:09]} 5. f3 {[%emt 0:00:03] LiveBook: 26 Games D10: Slav Defence: 3 cxd5 (without early Nf3) and 3 Nc3} (5. Bf4 Nc6 6. e3 Bf5 7. Qb3 Na5 8. Qa4+ Bd7 9. Qc2 e6 10. Bd3 Be7 11. Nf3 Nc6 12. a3 Nh5 13. Be5 f6 14. Bf4 Nxf4 15. exf4 g6 {½-½ (80) Rapport,R (2675)-Najer,E (2707) Tbilisi 2017}) 5... e6 {[%emt 0:06:17]} 6. Bg5 {[%emt 0:08:39]} Nc6 {[%emt 0:03:54]} 7. e3 {[%emt 0:00:48]} Be7 {[%emt 0:04:40]} 8. Bd3 {[%emt 0:01:55]} O-O {[%emt 0:00:23]} 9. Nge2 {[%emt 0:01:25]} h6 $146 {[%emt 0:05:51]} ({Predecessor:} 9... Ne8 10. Bxe7 Qxe7 11. Qd2 b6 12. O-O Nb4 {0-1 (25) Labahn,W (2179)-Jeske,E (2270) Germany 2005}) 10. Bh4 {[%emt 0:02:20]} b6 {[%emt 0:17:50]} 11. a3 {[%emt 0:02:22]} Na5 {[%emt 0:04:43]} 12. b4 {[%emt 0:11:07]} Nc4 {[%emt 0:00:57]} 13. Bxc4 {[%emt 0:03:04]} dxc4 {[%emt 0:00:07]} 14. O-O {[%emt 0:00:28]} a6 {[%emt 0:02:04]} 15. Bf2 {[%emt 0:03:05]} Qd7 {[%emt 0:04:20]} 16. e4 {[%emt 0:00:58]} Bb7 {[%emt 0:01:56]} 17. Qc2 {[%emt 0:01:53]} b5 {[%emt 0:00:52]} 18. Rfd1 {[%emt 0:00:52]} Rfd8 {[%emt 0:01:46]} 19. Be3 {[%emt 0:02:52]} Qc7 {[%emt 0:04:38]} 20. Kh1 {[%emt 0:06:01]} Bc6 {[%emt 0:01:40]} 21. Rab1 {[%emt 0:09:39]} a5 {[%emt 0:02:34]} 22. Qb2 {[%emt 0:02:15]} axb4 {[%emt 0:00:55]} 23. axb4 {[%emt 0:00:08]} Qb7 {[%emt 0:01:10]} 24. Ra1 {[%emt 0:05:14]} Rxa1 {[%emt 0:02:09]} 25. Rxa1 {[%emt 0:00:08]} Ra8 {[%emt 0:01:46]} 26. Rxa8+ {[%emt 0:00:52]} Qxa8 {[%emt 0:00:06]} 27. Kg1 $1 $11 {[%emt 0:00:50]} Ne8 {[%emt 0:02:14]} ({Black should try} 27... Kh7 $15) 28. Bf4 {[%emt 0:05:59]} (28. d5 $5 exd5 29. exd5 $15) 28... Nf6 {[%emt 0:07:28]} ({Better is} 28... Qb7 $15) 29. Bc7 {[%emt 0:06:27]} Qa7 {[%emt 0:00:34]} 30. Ba5 {[%emt 0:00:53] [#]} ({White should play} 30. Bg3 $15) 30... Nd7 {[%emt 0:03:23]} (30... e5 $1 $19 {[%cal Re5d4]} 31. Qd2 {[#]} Ng4 $1 {[%mdl 512]}) 31. Kf1 {[%emt 0:01:18]} Qb7 {[%emt 0:00:54]} 32. Qd2 {[%emt 0:01:08]} Nf6 {[%emt 0:04:49]} 33. Nf4 {[%emt 0:03:28]} g5 {[%emt 0:04:42]} 34. Nfe2 {[%emt 0:00:30]} Kg7 {[%emt 0:00:16]} 35. Qe3 {[%emt 0:02:25]} Qb8 {[%emt 0:02:36] [#]} 36. d5 $1 {[%emt 0:04:35]} Bd7 {[%emt 0:03:54]} 37. Kg1 {[%emt 0:02:36]} Bd6 {[%emt 0:01:37]} 38. g3 {[%emt 0:01:21]} exd5 {[%emt 0:01:43]} 39. exd5 {[%emt 0:01:30]} Qe8 {[%emt 0:01:46]} 40. Qxe8 {[%emt 0:01:36]} Bxe8 {[%emt 0:30:03]} 41. Kf2 {[%emt 0:33:09]} Kf8 {[%emt 0:00:00]} 42. Ke3 {[%emt 0:00:00]} Ke7 {[%emt 0:00:00]} 43. Kd4 {[%emt 0:00:00]} Nh5 {[%emt 0:00:00]} 44. Ne4 $14 {[%emt 0:00:00]} Bb8 {[%emt 0:00:00]} 45. Bb6 {[%emt 0:00:00]} f5 {[%emt 0:00:00]} 46. Bc5+ {[%emt 0:00:00]} Kd7 {[%emt 0:00:00]} 47. N4c3 {[%emt 0:00:00]} Kd8 {[%emt 0:00:00]} 48. d6 {[%emt 0:00:00]} Bc6 {[%emt 0:00:00]} 49. Ke5 {[%emt 0:00:00]} Ng7 {[%emt 0:00:00]} 50. Nd4 {[%emt 0:00:00]} Kd7 {[%emt 0:00:00]} 51. f4 {[%emt 0:00:00]} gxf4 {[%emt 0:07:07]} 52. gxf4 {[%emt 0:00:00]} h5 {[%emt 0:00:39]} 53. h4 {[%emt 0:00:00]} Be4 {[%emt 0:00:43]} 54. Ndxb5 {[%emt 0:04:33]} Bd3 {[%emt 0:00:11]} 55. Nd5 {[%emt 0:02:10]} Ne8 {[%emt 0:00:07]} 56. Nb6+ {[%emt 0:03:37]} Kc6 {[%emt 0:00:06]} 57. Nd4+ {[%emt 0:00:10]} Kb7 {[%emt 0:00:10]} 58. Nd7 {[%emt 0:00:15]} Ba7 {[%emt 0:01:55]} 59. Bxa7 {[%emt 0:00:18]} Kxa7 {[%emt 0:00:02]} 60. Nc5 {[%emt 0:00:35]} 1-0

[Event "9. Korbacher Open 2017"]
[Site "Korbach"]
[Date "2017.10.21"]
[Round "4"]
[White "Vlaming, Jos"]
[Black "Petras, Nils"]
[Result "1/2-1/2"]
[WhiteElo "2136"]
[BlackElo "1922"]
[Annotator "TA"]
[PlyCount "73"]
[EventDate "2017.??.??"]
[EventType "swiss"]
[EventCountry "GER"]
[SourceTitle "playchess.com"]
[Source "ChessBase"]
[SourceQuality "1"]

{[%evp 18,73,0,0,18,22,10,-24,-19,-33,-21,-37,-34,-94,-37,-67,-14,-80,-68,-100,-105,-105,-52,-66,-56,-50,-30,-27,0,0,6,-10,-12,-17,-27,-12,-21,-19,95,-24,0,-47,-49,-41,-50,-129,-115,-99,0,0,0,0,0,7,7,-9,0,0]} 1. c4 Nf6 2. Nc3 g6 3. e4 d6 4. g3 c5 5. Bg2 Nc6 6. Nge2 Bg7 7. O-O O-O 8. d3 a6 9. a3 Rb8 10. Rb1 {LiveBook: 66 Games} Nd4 {A36: Symmetrical English vs ...g6: 4 Bg2 Bg7} (10... b5 11. cxb5 axb5 12. b4 cxb4 13. axb4 e5 14. Be3 Be6 15. d4 Bc4 16. d5 Ne7 17. f3 Nd7 18. Qd2 f5 19. Ra1 Nf6 20. Bh3 Ra8 21. Rfc1 h5 22. Rxa8 Qxa8 {0-1 (63) Granda Zuniga,J (2646)-Lopez Martinez,J (2552) Lorca 2016}) 11. Nxd4 cxd4 12. Ne2 Nd7 $146 {Black has an edge.} ({Predecessor:} 12... Ne8 13. b4 Nc7 14. a4 Bd7 15. f4 f5 16. Ba3 Ne6 17. c5 dxc5 18. bxc5 {1-0 (58) Taylor,A (1961)-Friedland,J (2118) Ascot 2013}) 13. b4 b5 14. cxb5 axb5 15. Bb2 (15. f4 $15) 15... Qb6 (15... e5 $17) 16. Qb3 Bb7 (16... e5 $15) 17. Rfc1 (17. f4 $11) 17... e5 $17 18. Bh3 Nf6 19. Qc2 Bh6 ({Black should play} 19... d5 $17 {[%cal Rd5e4]} 20. exd5 Nxd5) 20. Qc7 $1 $15 {[%cal Rc7b6]} Qxc7 21. Rxc7 Ne8 22. Rc2 f5 23. exf5 gxf5 24. Bg2 Nf6 25. Bxb7 Rxb7 26. Rc6 Rd8 27. f4 {[#] fxe5 is the strong threat.} Kf7 (27... Nd5 $11 {remains equal.}) 28. Bc1 ({White should try} 28. Rf1 $16) 28... Bf8 29. Rb2 Nd5 30. Kf2 Rdd7 31. Kf3 (31. Rbc2 $15) 31... Rdc7 $17 32. Rbc2 {[#]} e4+ (32... Nc3 $1 $17 {[%mdl 512]} 33. Rxc7+ (33. Nxc3 Rxc6) 33... Rxc7 34. fxe5 dxe5) 33. dxe4 $11 {The position is equal.} fxe4+ 34. Kxe4 Nc3+ $1 35. R6xc3 dxc3 36. Rxc3 Bg7 37. Rd3 {Precision: White = 34%, Black = 30%.} 1/2-1/2

[Event "9. Korbacher Open 2017"]
[Site "Korbach"]
[Date "2017.10.21"]
[Round "4"]
[White "Thomas, Ingo"]
[Black "Wachsmann, Dietmar"]
[Result "1/2-1/2"]
[WhiteElo "2129"]
[BlackElo "1930"]
[Annotator "NA"]
[PlyCount "72"]
[EventDate "2017.??.??"]
[EventType "swiss"]
[EventCountry "GER"]
[SourceTitle "playchess.com"]
[Source "ChessBase"]
[SourceQuality "1"]
[TimeControl "40/5400+30:1800+30"]

{[%evp 8,71,77,32767,47,32,52,45,45,39,50,32767,54,61,58,61,62,41,63,33,61,46,59,54,32767,37,61,41,92,29,27,32767,32767,32767,32767,32767,49,32767,29,-51,-54,-63,-45,-59,-18,32767,-17,-79,-51,-68,-54,-58,-51,-70,-60,32767,32767,32767,32767,32767,-97,-160,-91,-87,-89,-102]} 1. e4 {[%emt 0:00:00]} e6 {[%emt 0:00:04]} 2. d4 {[%emt 0:00:00]} c5 {[%emt 0:00:01]} 3. d5 {[%emt 0:02:53]} exd5 {[%emt 0:01:54]} 4. exd5 {[%emt 0:00:04]} d6 {[%emt 0:01:35]} 5. Nc3 {[%emt 0:00:26]} Nf6 {[%emt 0:01:57]} 6. Be2 {[%emt 0:03:04] A43: Schmid Benoni} (6. Nf3 g6 7. Be2 Bg7 8. O-O O-O 9. Bg5 h6 10. Bh4 Re8 11. Re1 a6 12. a4 Nbd7 13. Bf1 Rxe1 14. Qxe1 {½-½ (89) Lugovskoy,M (2474)-Papenin,N (2334) Sochi 2017}) 6... Nbd7 {[%emt 0:04:00]} 7. Nf3 {[%emt 0:00:28]} Be7 {[%emt 0:03:19]} 8. O-O {[%emt 0:00:32]} a6 {[%emt 0:00:56]} 9. a4 {[%emt 0:02:09]} b6 {[%emt 0:01:21]} 10. Re1 {[%emt 0:02:13]} O-O {[%emt 0:00:52]} 11. h3 {[%emt 0:00:58]} Bb7 {[%emt 0:02:04]} 12. Bf4 {[%emt 0:02:12]} Re8 {[%emt 0:05:36]} 13. Qd2 $146 {[%emt 0:00:58]} ({Predecessor:} 13. Bg3 Ne5 14. Nxe5 dxe5 15. Bxe5 Nxd5 16. Nxd5 Bxd5 {1-0 (24) Lin,K (1886)-Fouard,D Stillwater 2009}) 13... Qc7 {[%emt 0:03:30]} 14. Bc4 {[%emt 0:01:35]} Bf8 {[%emt 0:00:38]} 15. Qd3 {[%emt 0:05:23]} g6 {[%emt 0:07:36]} 16. Rxe8 {[%emt 0:02:15]} Nxe8 {[%emt 0:00:32]} 17. Re1 {[%emt 0:00:36]} Nef6 {[%emt 0:05:49]} (17... Ndf6 $11 {remains equal.}) 18. Qd2 {[%emt 0:13:40]} Re8 {[%emt 0:07:09]} 19. Rxe8 {[%emt 0:01:43]} Nxe8 {[%emt 0:00:02]} 20. Bh6 {[%emt 0:03:35]} Ng7 {[%emt 0:08:43]} 21. Ne4 {[%emt 0:06:33]} Be7 {[%emt 0:05:39]} 22. Bg5 {[%emt 0:03:03]} Bf8 {[%emt 0:08:34]} 23. Nf6+ {[%emt 0:09:49]} (23. Qd3 $14) 23... Nxf6 {[%emt 0:01:10]} 24. Bxf6 {[%emt 0:00:03]} Qd7 {[%emt 0:00:54]} 25. Bb3 {[%emt 0:05:52]} Qf5 {[%emt 0:05:32]} 26. Bg5 {[%emt 0:01:14]} b5 {[%emt 0:01:13]} 27. axb5 {[%emt 0:09:05]} (27. c4 $11 {keeps the balance.}) 27... axb5 {[%emt 0:01:28]} 28. c4 {[%emt 0:00:30]} bxc4 {[%emt 0:01:07]} 29. Bxc4 {[%emt 0:00:23]} Ne8 {[%emt 0:01:57]} 30. Bd8 {[%emt 0:02:22]} Nf6 {[%emt 0:02:44]} 31. Bxf6 {[%emt 0:03:21]} Qxf6 {[%emt 0:00:03]} 32. b3 {[%emt 0:00:44]} Qf5 {[%emt 0:03:44]} 33. Nh2 {[%emt 0:10:24]} Bg7 {[%emt 0:05:28]} 34. Ng4 {[%emt 0:01:21] [#]} (34. Qa5 $15) 34... h5 {[%emt 0:01:32]} (34... Qb1+ $142 $1 35. Kh2 h5) 35. Ne3 {[%emt 0:00:27]} Qb1+ {[%emt 0:03:11]} 36. Nf1 $17 {[%emt 0:02:03]} Qe4 {[%emt 0:02:31]} 1/2-1/2

[Event "9. Korbacher Open 2017"]
[Site "Korbach"]
[Date "2017.10.21"]
[Round "4"]
[White "Trunz, Elena"]
[Black "Maiwald, Harald"]
[Result "0-1"]
[WhiteElo "2127"]
[BlackElo "2014"]
[Annotator "TA"]
[PlyCount "56"]
[EventDate "2017.??.??"]
[EventType "swiss"]
[EventCountry "GER"]
[SourceTitle "playchess.com"]
[Source "ChessBase"]
[SourceQuality "1"]

{[%evp 13,56,31,43,7,21,22,11,11,16,0,-1,-20,-30,-58,-73,-141,-145,-140,-142,-139,-95,-93,-112,-110,-106,-116,-77,-89,-59,-83,-41,-47,-47,-202,-79,-73,-79,-86,-76,-87,-86,-696,-700,-664,-647]} 1. e4 {[%cal Be2e4,Be4e5][%mdl 32]} Nf6 2. e5 Nd5 3. d4 d6 4. c4 Nb6 5. exd6 exd6 6. Bd3 Be7 {B03: Alekhine's Defence: Four Pawns Attack} 7. Ne2 Nc6 {LiveBook: 16 Games} (7... Bg4 8. O-O Nc6 9. h3 Bh5 10. Be3 O-O 11. Nbc3 Bf6 12. Qd2 Bg6 13. b3 Re8 14. Bxg6 hxg6 {0-1 (38) Motylev,A (2649)-Tomashevsky,E (2758) Berlin 2015}) 8. a3 O-O {The position is equal.} 9. O-O Bg4 10. f3 Bh5 11. Nf4 Bg6 $1 12. Nxg6 hxg6 13. Be3 Bf6 14. Be2 (14. Nc3 $142) 14... Re8 $17 15. Bf2 {[#]} Nxd4 $1 {[%mdl 512]} 16. Bd3 $146 (16. Bxd4 Bxd4+) 16... c5 17. Nc3 d5 18. cxd5 Nxd5 19. Ne4 b6 20. Bc4 Rc8 {[%cal Ba8c8,Bc8c7,Bc7d7][%mdl 32]} 21. Qd2 Rc7 22. Rad1 Rd7 23. b4 $2 {[#]} (23. Kh1 $15) 23... Rxe4 (23... Nxb4 $1 $19 {[%mdl 512] ...Rxe4! is the strong threat.} 24. Bb5 (24. axb4 Rxe4 25. Kh1 Ree7 $17) 24... Rxe4 25. Bxd7 Re2) 24. fxe4 Nc3 {White must now prevent ...Nf3+!} 25. Kh1 ({Wrong is} 25. Qxc3 $2 Ne2+ 26. Bxe2 Bxc3 $19) 25... Nxd1 26. Rxd1 Qc7 27. bxc5 $2 {[%mdl 8192] [#]} (27. Qd3 $17) 27... Nf3 $1 $19 {[%csl Gf3][%cal Rc7h2][%mdl 512]} 28. Bxf7+ (28. gxf3 Rxd2) 28... Kf8 {Precision: White = 34%, Black = 45%.} 0-1

[Event "9. Korbacher Open 2017"]
[Site "Korbach"]
[Date "2017.10.21"]
[Round "4"]
[White "Hansen, Flemming Haupt"]
[Black "Wuestehube, Harry"]
[Result "1/2-1/2"]
[WhiteElo "2121"]
[BlackElo "1906"]
[Annotator "TA"]
[PlyCount "69"]
[EventDate "2017.??.??"]
[EventType "swiss"]
[EventCountry "GER"]
[SourceTitle "playchess.com"]
[Source "ChessBase"]
[SourceQuality "1"]

{[%evp 9,69,38,66,54,59,40,68,59,100,95,76,53,90,90,143,133,129,130,156,91,106,98,171,85,77,0,5,0,21,-57,-54,-64,-61,-56,-50,-68,-48,-49,0,-146,-85,-143,-150,-195,-203,-181,-100,-103,-83,-155,-158,-176,-164,-475,-101,-104,-105,-119,-87,-88,-71,-122]} 1. e4 d6 2. d4 Nf6 3. Nc3 g6 4. h3 c6 (4... Bg7 5. Be3 O-O 6. Nf3 c6 7. a4 Nbd7 8. a5 Qc7 9. Qd2 Rb8 10. Bd3 b5 11. axb6 axb6 12. O-O e5 13. dxe5 dxe5 14. b4 b5 15. Ne2 Nb6 16. Ng3 Re8 17. Bh6 Qe7 18. Bxg7 Kxg7 19. Rfe1 {½-½ (19) Kislinsky,A (2505)-Petrosian,T (2615) Yerevan 2017}) 5. a4 b6 6. Nf3 {B07: Pirc Defence: Miscellaneous Systems} Bb7 $146 ({Predecessor:} 6... Bg7 7. Be3 O-O 8. Bd3 Na6 9. Qd2 Nb4 10. Be2 a5 11. O-O Bb7 12. Ne1 Qc7 13. Nd3 e5 14. Bf3 Rfe8 15. dxe5 dxe5 16. Nxb4 axb4 {1-0 (52) Narhi,K-Sipila,M Finland 1992}) 7. Be3 a6 8. e5 {White is slightly better.} dxe5 9. dxe5 Nd5 10. Bc4 Bg7 11. e6 f6 (11... fxe6 $142 12. O-O Nxe3 13. fxe3 Qxd1 14. Raxd1 Nd7) 12. Bxd5 $16 cxd5 13. Qd4 O-O 14. Qxb6 (14. O-O-O $142 $1) 14... Qxb6 15. Bxb6 Rc8 (15... a5 $16 {keeps fighting.}) 16. a5 (16. O-O-O $1 $18) 16... f5 17. Na4 (17. Bd4 $16) 17... Rxc2 $11 {Black wants to play ...d4!} 18. O-O Bc6 19. Nc5 ({Better is} 19. Rac1 $11 Bxa4 20. Rxc2 Bxc2 21. Rc1) 19... Bb5 $1 $36 {[%cal Rb5f1][%mdl 2048] Black has some pressure.} ({Don't play} 19... Bxb2 20. Ra2 $11) 20. Rfd1 Nc6 21. Rxd5 Bxb2 22. Rad1 Bc3 23. Nd7 Bxa5 24. Be3 (24. Bxa5 $11 Nxa5 25. Nd4) 24... Re8 (24... Be2 $142 25. Rb1 Bxf3 26. gxf3 Bc7) 25. Ng5 (25. Rb1 $142) 25... Bb4 {Strongly threatening ...Bc4.} 26. Ne5 Nxe5 27. Rxe5 Bc3 (27... Bc6 $19 {...a5 is the strong threat.} 28. Nf3 Ra2) 28. Rc5 $17 Ba4 $1 29. Rc4 (29. Rd7 $142) 29... Bb3 30. Rh4 Bf6 {And now ...Re2 would win.} 31. Rh6 $2 {[#]} (31. Rb4 {is a better chance.} Bc4 32. Rb7) 31... Bxg5 $2 (31... f4 $1 $19 {[%mdl 512] is more deadly.} 32. Bxf4 Rc4) 32. Bxg5 {Black is better.} Bxe6 33. Re1 Rc6 34. Re5 Bc4 {[#]} 35. Rxe7 {Precision: White = 36%, Black = 41%.} (35. Rxf5 $142 $1 {[%mdl 512]} e5 (35... gxf5 36. Rxc6) 36. Rf3) 1/2-1/2